000 00527nam a2200169Ia 4500
008 110201s9999 xx 000 0 und d
082 _bB2672
_aKS 550
100 _aवाळिंबे वि.स.
245 _aऑपरेशन थंडर
260 _bअजब पुस्तकालय
365 _b6
600 _aवाळिंबे वि.स.
630 _aऑपरेशन थंडर
700 _aवाळिंबे वि.स.
730 _aऑपरेशन थंडर
942 _cBOOK
999 _c829533
_d829530